Statistics for The Trump Quiz

Click here to take the quiz!

General Stats

  • This quiz has been taken 68 times
  • The average score is 8 of 8

Answer Stats

Answer% Correct
Donald Trump
100%
Donald Trump
97%
Donald Trump
94%
Donald Trump
94%
Donald Trump
94%
Donald Trump
94%
Donald Trump
94%
Donald Trump
94%

Score Distribution

Percentile by Number Answered

Percent of People with Each Score

Your Score History

You have not taken this quiz